Online Catalogue and eLibrary

Gender, politics and the state / (Record no. 499)

MARC details
000 -LEADER
fixed length control field 00726cam a2200241 a 4500
001 - CONTROL NUMBER
control field 4978641
005 - DATE AND TIME OF LATEST TRANSACTION
control field 20240227051152.0
008 - FIXED-LENGTH DATA ELEMENTS--GENERAL INFORMATION
fixed length control field 980112s1998 enk b 001 0 eng
020 ## - INTERNATIONAL STANDARD BOOK NUMBER
ISBN 041516401X (alk. paper)
020 ## - INTERNATIONAL STANDARD BOOK NUMBER
ISBN 0415164028 (pbk. : alk. paper)
040 ## - CATALOGING SOURCE (பட்டியலாக்க மூலம்)
Original cataloging agency DLC
Transcribing agency DLC
Modifying agency DLC
082 00 - DDC Classification
Class No. 323.334.
DDC Edition Number 21
Item Number - Author Mark GEN.
245 00 - TITLE STATEMENT
Title Gender, politics and the state /
Statement of responsibility, etc. edited by Vicky Randall and Georgina Waylen.
260 ## - PUBLICATION, DISTRIBUTION, ETC.
Place of publication, distribution, etc. London ;
-- New York :
Name of publisher, distributor, etc. Routledge,
Date of publication, distribution, etc. 1998.
300 ## - PHYSICAL DESCRIPTION
Extent (e.g. Volumes, Pages etc.) x, 214 p. ;
650 #0 - SUBJECT ADDED ENTRY--TOPICAL TERM
Topical term or geographic name entry element Women
650 #0 - SUBJECT ADDED ENTRY--TOPICAL TERM
Topical term or geographic name entry element Feminism.
650 #0 - SUBJECT ADDED ENTRY--TOPICAL TERM
Topical term or geographic name entry element Women
700 1# - ADDED ENTRY--PERSONAL NAME
Personal name Randall, Vicky.
Relator term (Role) Editor
700 1# - ADDED ENTRY--PERSONAL NAME
Personal name Waylen, Georgina.
Relator term (Role) Editor
856 42 - ELECTRONIC LOCATION AND ACCESS
Uniform Resource Identifier <a href="http://www.loc.gov/catdir/enhancements/fy0649/98009382-d.html">http://www.loc.gov/catdir/enhancements/fy0649/98009382-d.html</a>
942 ## - Koha item type (Biblio)
Koha item type Books in Stacks (Lending)
Holdings
Lost status Damaged status Collection code Home library Current library Date acquired Full call number Accession Number Item type
    Lending WERC Library WERC Library 02/27/2024 323.334. GEN. 2703 Books in Stacks (Lending)

© WERC Library